[Event "Catarinense-ch U20 Girls"]
[Site "Lacerdapolis"]
[Date "2012.05.05"]
[Round "4"]
[White "Da Cruz, Karoliny Taiane"]
[Black "Dal Piva, Fernanda Fossa"]
[Result "1-0"]
[WhiteElo "1776"]
[BlackElo "1803"]
[PlyCount "183"]
[EventDate "2012.05.04"]
[EventType "swiss"]
[EventRounds "6"]
[EventCountry "BRA"]
[SourceTitle "CBM 148 Extra"]
[Source "ChessBase"]
[SourceDate "2012.06.22"]
[SourceVersion "1"]
[SourceVersionDate "2012.06.22"]
[SourceQuality "1"]

1. d4 Nf6 2. c4 g6 3. Nc3 Bg7 4. e4 d6 5. Be2 Nbd7 6. Nf3 0-0 7. 0-0 c5 8. d5 Re8 9. Be3 Ng4 10. Bf4 Nge5 11. Nd2 Qb6 12. Bg3 Qxb2 13. Na4 Qd4 14. Qc2 f5 15. Rad1 Nf7 16. exf5 Qf6 17. fxg6 hxg6 18. f4 Nb6 19. Nf3 Bf5 20. Qb3 Nxa4 21. Qxa4 Qb2 22. Rd2 Bd4+ 23. Kh1 Qc3 24. Qb3 Qxb3 25. axb3 Bc3 26. Rdd1 e6 27. dxe6 Rxe6 28. Bd3 Bxd3 29. Rxd3 Bg7 30. Rfd1 Bf8 31. Ng5 Nxg5 32. fxg5 Rd8 33. Kg1 a6 34. Rd5 b5 35. cxb5 axb5 36. Rxc5 dxc5 37. Rxd8 Kg7 38. Rb8 b4 39. Rc8 Re3 40. Bf2 Re5 41. Kf1 Rxg5 42. h4 Rf5 43. Ke2 Rd5 44. Re8 Kf7 45. Re4 Bg7 46. Rc4 Bf8 47. Rf4+ Kg7 48. Rc4 Kf7 49. g4 Be7 50. Re4 Bf8 51. Bg3 Bg7 52. Bh2 Bd4 53. Bf4 Bg7 54. Bg5 Bf8 55. Rf4+ Kg7 56. Re4 Kf7 57. Bf4 Be7 58. Re5 Rxe5+ 59. Bxe5 Bxh4 60. Bd6 Be7 61. Bf4 Ke6 62. Kd3 Kd5 63. Bd2 Bd6 64. Be1 Be5 65. Bf2 Bd4 66. Bg3 Be5 67. Bf2 Bd4 68. Bg3 Bc3 69. Bf2 Be5 70. Be1 Bd6 71. Bd2 Be7 72. Be1 Ke5 73. Bg3+ Kd5 74. Be1 Bg5 75. Bf2 Bf4 76. Bg1 g5 77. Bf2 Be5 78. Be3 Bf4 79. Bf2 Bc1 80. Be1 Bb2 81. Bd2 Bc3 82. Bxg5 Be5 83. Be7 Bg7 84. g5 Bh8 85. Bf6 Bxf6 86. gxf6 Ke6 87. Kc4 Kxf6 88. Kxc5 Ke5 89. Kxb4 Kd5 90. Ka5 Kc6 91. b4 Kb7 92. Kb5 1-0